000
00310nam a2200121Ia 4500
008
150201s1998 xx 000 0 und d
082
_a
200
_b
AVO
100
_a
Avalon,A
245
_a
Tantraraja Tantra
260
_b
Motilal Banarsidass Publishers Pvt. Ltd.
_a
New Delhi
_c
1998
300
_a
740p.
942
_2
ddc
_c
BK
999
_c
5647
_d
5647